| 000 -CABECERA |
| Longitud fija campo de control |
00511nam a2200169 a 4500 |
| 001 - NÚMERO DE CONTROL |
| Número de control |
5243 |
| 003 - IDENTIFICADOR DEL NÚMERO DE CONTROL |
| Identificador del número de control |
CDMR |
| 005 - FECHA Y HORA DE LA ÚLTIMA TRANSACCIÓN |
| Fecha y hora de la última transacción |
20131218105152.0 |
| 008 - CÓDIGOS DE INFORMACIÓN DE LONGITUD FIJA |
| Códigos de información de longitud fija |
130130s2004||||||||||||||||||||||||||||d |
| 020 ## - NÚMERO INTERNACIONAL NORMALIZADO PARA LIBROS |
| Número Internacional Normalizado para Libros (ISBN) |
8479489960 |
| 040 ## - FUENTE DE LA CATALOGACIÓN |
| Centro catalogador de origen |
CDMR |
| Lengua de catalogación |
cat |
| Centro transcriptor |
CDMR |
| 245 #0 - MENCIÓN DE TÍTULO |
| Título |
Mondo Brutto |
| Resto del título |
: cultura bizarra para brutos mecánicos: antología |
| Mención de responsabilidad, etc. |
Galactus, Grace Morales, Joe D'allessandro, Musgo Man, Dildo de Congost |
| 260 ## - PUBLICACIÓN, DISTRIBUCIÓN, ETC. (PIE DE IMPRENTA) |
| Lugar de publicación, distribución, etc. |
Barcelona |
| Fecha de publicación, distribución, etc. |
2004 |
| Nombre del editor, distribuidor, etc. |
La Tempestad |
| 300 ## - DESCRIPCIÓN FÍSICA |
| Extensión |
201 p. |
| 490 ## - MENCIÓN DE SERIE |
| Mención de serie |
La tempestad |
| Designación de volumen o secuencia |
15 |
| 942 ## - ENTRADA DE ELEMENTOS AGREGADOS (KOHA) |
| Koha [por defecto] tipo de item |
Monografies |
| Fuente de clasificaión o esquema |
|